Principles of communications: systems, modulation, and noise (Record no. 33861)

MARC details
000 -LEADER
fixed length control field 00451nam a2200181Ia 4500
020 ## - INTERNATIONAL STANDARD BOOK NUMBER
ISBN 0395357241
050 ## - CALL MARK
Classification number TK 5101 .257/
100 ## - STATEMENT OF RESPONSIBILITY--MAIN AUTHOR NAME
Personal name Ziemer, Rodger E.
245 #0 - TITLE STATEMENT
Title Principles of communications: systems, modulation, and noise
250 ## - EDITION / VOLUME STATEMENT
Edition / Volume statement 2nd
260 ## - PUBLICATION, DISTRIBUTION, ETC. (IMPRINT)
Place of publication Boston
260 ## - PUBLICATION, DISTRIBUTION, ETC. (IMPRINT)
Name of publisher Houghton Mifflin company
260 ## - PUBLICATION, DISTRIBUTION, ETC. (IMPRINT)
Year of publication 1985
300 ## - PHYSICAL DESCRIPTION
Number of Pages 609 p
942 ## - ADDED ENTRY ELEMENTS (KOHA)
Koha item type Books
Holdings
Withdrawn status Lost status Source of classification or shelving scheme Damaged status Not for loan Permanent Location Current Location Shelving location Date acquired Accession Number Price effective from Koha item type
    Library of Congress Classification     NILE UNIVERSITY OF NIGERIA - MAIN LIBRARY NILE UNIVERSITY OF NIGERIA - MAIN LIBRARY Items on shelf 04/23/2025 0009710 04/23/2025 Books